00181nam a2200073Ia 4500008004100000100002000041245001700061260002900078190216s9999||||xx |||||||||||||| ||und|| aMoulana Moududi 0aIslam Matham bIslamic Publishing House